Bharatbarsar itihash (Record no. 6807)

MARC details
000 -LEADER
fixed length control field 00532cam a2200217ua 4500
008 - FIXED-LENGTH DATA ELEMENTS--GENERAL INFORMATION
fixed length control field 141220n ii |||gr||||Z||||||asm
020 ## - INTERNATIONAL STANDARD BOOK NUMBER
International Standard Book Number 9789382750093
040 ## - CATALOGING SOURCE
Transcribing agency MAIN
041 ## - LANGUAGE CODE
-- asm
082 ## - DEWEY DECIMAL CLASSIFICATION NUMBER
Classification number 954
100 ## - MAIN ENTRY--PERSONAL NAME
Personal name Husain, T. A.,
Relator term
245 1# - TITLE STATEMENT
Title Bharatbarsar itihash
Statement of responsibility, etc. By Tasadduque Amanul Hussain
250 ## - EDITION STATEMENT
Edition statement 1st.
260 ## - PUBLICATION, DISTRIBUTION, ETC.
Place of publication, distribution, etc. Dibrugarh:
Name of publisher, distributor, etc. Banalata,
Date of publication, distribution, etc. 2013.
300 ## - PHYSICAL DESCRIPTION
Extent 316p.
700 ## - ADDED ENTRY--PERSONAL NAME
Personal name Baruah, P. Kr.,
Relator term
942 ## - ADDED ENTRY ELEMENTS (KOHA)
Koha item type Books
653 ## - INDEX TERM--UNCONTROLLED
Uncontrolled term South Asia India
653 ## - INDEX TERM--UNCONTROLLED
Uncontrolled term Indian history
Holdings
Withdrawn status Lost status Damaged status Not for loan Home library Current library Shelving location Date acquired Total Checkouts Full call number Barcode Date last seen Date last checked out Copy number Price effective from Koha item type
        Naharkatiya College Library Naharkatiya College Library General Stacks 19/09/2020 2 954 | HUS 22673 23/01/2023 01/06/2022 3 19/09/2020 Books
        Naharkatiya College Library Naharkatiya College Library General Stacks 19/09/2020   954 | HUS 22674 19/09/2020   2 19/09/2020 Books
        Naharkatiya College Library Naharkatiya College Library General Stacks 19/09/2020 2 954 | HUS 22675 05/10/2024 24/09/2024 1 19/09/2020 Books

Naharkatiya College © 2020. All rights reserved.

Powered By